000 00344nam a22001457a 4500
008 221201b ||||| |||| 00| 0 eng d
020 _a9780805360318
041 _aeng
080 _2SECOND EDITION
_a159.9
082 _a159.9 ROS
100 _a25
101 _aPSI
245 _aA MULTILEVEL APPROACH THE STUDY
_cROSE J D
942 _2udc
_cBK
999 _c59056
_d59056